<?xml version="1.0" encoding="UTF-8"?>
<record
    xmlns:xsi="http://www.w3.org/2001/XMLSchema-instance"
    xsi:schemaLocation="http://www.loc.gov/MARC21/slim http://www.loc.gov/standards/marcxml/schema/MARC21slim.xsd"
    xmlns="http://www.loc.gov/MARC21/slim">

  <leader>00928nam a2200193Ia 4500</leader>
  <controlfield tag="003">IN-BaIIA</controlfield>
  <controlfield tag="008">211028s9999    xx            000 0 eng d</controlfield>
  <datafield tag="020" ind1=" " ind2=" ">
    <subfield code="a">90-277-2046-0</subfield>
  </datafield>
  <datafield tag="040" ind1=" " ind2=" ">
    <subfield code="c">IIA Library</subfield>
  </datafield>
  <datafield tag="080" ind1=" " ind2=" ">
    <subfield code="a">523.98</subfield>
    <subfield code="b">SZE</subfield>
  </datafield>
  <datafield tag="111" ind1=" " ind2=" ">
    <subfield code="a">NATO Advanced Study institute on Stability of the Solar System and Its Minor Natural and Artificial Bodies</subfield>
    <subfield code="c">Italy</subfield>
    <subfield code="d">1984 Aug. 6-18</subfield>
    <subfield code="9">14365</subfield>
  </datafield>
  <datafield tag="245" ind1=" " ind2="0">
    <subfield code="a">Stability of the Solar system and its minor natural and artificial bodies</subfield>
    <subfield code="b">proceedings of the NATO Advanced Study Institute on stability of the Solar system and its minor natural and artificial bodies. Cortina d' Ampezzo,Italy, Aug 6-18, 1984</subfield>
    <subfield code="c">edited by Victor G.  Szebehely                                 </subfield>
  </datafield>
  <datafield tag="260" ind1=" " ind2=" ">
    <subfield code="a">Dordrecht</subfield>
    <subfield code="b">D. Reidel Publishing</subfield>
    <subfield code="c">1985</subfield>
  </datafield>
  <datafield tag="300" ind1=" " ind2=" ">
    <subfield code="a">[various pagings.]</subfield>
  </datafield>
  <datafield tag="650" ind1=" " ind2=" ">
    <subfield code="a">Astronomy and Astrophysics Thesaurus</subfield>
  </datafield>
  <datafield tag="650" ind1=" " ind2=" ">
    <subfield code="a">Solar System</subfield>
  </datafield>
  <datafield tag="700" ind1=" " ind2=" ">
    <subfield code="a">Szebehely, Victor G., ed.</subfield>
    <subfield code="9">4834</subfield>
  </datafield>
  <datafield tag="942" ind1=" " ind2=" ">
    <subfield code="c">BK</subfield>
  </datafield>
  <datafield tag="999" ind1=" " ind2=" ">
    <subfield code="c">8565</subfield>
    <subfield code="d">8565</subfield>
  </datafield>
  <datafield tag="952" ind1=" " ind2=" ">
    <subfield code="0">0</subfield>
    <subfield code="1">0</subfield>
    <subfield code="4">0</subfield>
    <subfield code="7">0</subfield>
    <subfield code="a">BAN</subfield>
    <subfield code="b">BAN</subfield>
    <subfield code="c">GEN</subfield>
    <subfield code="d">1986-01-07</subfield>
    <subfield code="g">640.00</subfield>
    <subfield code="l">0</subfield>
    <subfield code="o">523.98/ SZE</subfield>
    <subfield code="p">9434</subfield>
    <subfield code="r">2021-11-05</subfield>
    <subfield code="v">640.00</subfield>
    <subfield code="w">1986-01-07</subfield>
    <subfield code="y">BK</subfield>
    <subfield code="G">Rs. 640.00</subfield>
  </datafield>
</record>
